Los católicos. La política y el dinero. /

Guardado en:
Autor Principal: Simon, Pierre-Henri.
Formato: Libro
Idioma:Undetermined
Publicado: Buenos Aires : Sur, 1938.
Materias:
Etiquetas: Agregar Etiqueta
Sin Etiquetas, Sea el primero en etiquetar este registro!
LEADER 00500nam a22001575a 4500
001 EHU.bham048412
005 20110928115000.0
008 110928s1938####ag############000#0#und#d
100 1 |a Simon, Pierre-Henri. 
245 0 0 |a Los católicos. La política y el dinero. /  |c Pierre-Henri Simon. 
260 |a Buenos Aires :  |b Sur,  |c 1938. 
300 |a 159 p. 
653 |a Catolicismo. 
653 |a Historia. 
653 |a Doctrina de la iglesia. 
859 |a AR-BHAM  |b BIB. HUMANIDADES - Donacion Lejarraga  |h MFN002631  |p 002631.19